Pump selection and application
-д хадгалсан:
| Үндсэн зохиолч: | |
|---|---|
| Формат: | Ном |
| Хэл сонгох: | англи |
| Хэвлэсэн: |
Nueva York
McGraw-Hill
1957
|
| Хэвлэл: | 1a. ed |
| Нөхцлүүд: | |
| Шошгууд: |
Шошго нэмэх
Шошго байхгүй, Энэхүү баримтыг шошголох эхний хүн болох!
|
MARC
| LEADER | 00000nam a2200000 a 4500 | ||
|---|---|---|---|
| 001 | UCU6546 | ||
| 003 | CL-VaPUC | ||
| 008 | 960621e19570000US |||||||||||||||||eng|d | ||
| 082 | 0 | 4 | |a 621.6 |b HIC |2 21 |
| 100 | |a Hicks, Tyler Gregory |e author |9 532906 | ||
| 245 | 1 | 0 | |a Pump selection and application |
| 250 | |a 1a. ed | ||
| 300 | |a 422 p | ||
| 942 | |c BK | ||
| 945 | |d 19960621 00:00:00 |a cmena | ||
| 260 | |a Nueva York |b McGraw-Hill |c 1957 | ||
| 650 | 7 | |a BOMBAS |2 CL-VaPUC |9 259418 | |
| 650 | 7 | |a BOMBAS TERMICAS |2 CL-VaPUC |9 357803 | |
| 650 | 7 | |a CENTRIFUGACION |2 CL-VaPUC |9 364773 | |
| 650 | 0 | |a Agua |9 257149 | |
| 650 | 0 | |a Transmisión de calor |9 259410 | |
| 650 | 0 | |a Aparatos de vacío |9 364774 | |
| 583 | |a last modification |c 19960621 00:00:00 |k Rodrigo Vera | ||
| 999 | |c 249414 |d 249412 | ||
| 952 | |0 0 |1 0 |4 0 |6 621_600000000000000_HIC_1957 |7 0 |8 A |9 266659 |a BIBING |b BIBING |d 2019-11-19 |i 1687727 |o 621.6 HIC 1957 |p 1687727 |r 2025-01-20 |w 2019-11-19 |y BK |k ING | ||
| 952 | |0 0 |1 0 |4 0 |6 621_600000000000000_HIC_1957 |7 0 |8 A |9 266660 |a BIBING |b BIBING |d 2019-11-19 |i 1687670 |o 621.6 HIC 1957 |p 1687670 |r 2025-01-20 |w 2019-11-19 |y BK |k ING | ||
| 952 | |0 0 |1 0 |4 0 |6 621_600000000000000_HIC_1957 |7 0 |8 P |9 266662 |a BIBMEC |b BIBMEC |d 2019-11-19 |i 4667131 |o 621.6 HIC 1957 |p 4667131 |r 2024-01-19 |w 2019-11-19 |y BK |k MEC | ||